00285nam a2200121Ia 4500008004100000100001300041245002900054260002700083300000900110650002000119942000700139999001700146190216s9999||||xx |||||||||||||| ||und|| aThakazhi 0aAnubhavangal Paalichakal bD C Books Keralac1976 a187p aMalayalam Novel cBK c27358d27358